[Event "CFriend CP.2005.P.00020"]
[Site "Chessfriend.com"]
[Date "2005.10.01"]
[Round "1"]
[White "Nucci, Luciano"]
[Black "Burger, Sabine"]
[Result "0-1"]
[WhiteElo "2120"]
[BlackElo "2135"]
[PlyCount "104"]
[EventDate "2005.10.01"]
[EventType "tourn (corr)"]
[EventRounds "1"]
[SourceTitle "Telechess CBM 127"]
[Source "C hessBase"]
[SourceDate "2008.11.13"]
[SourceVersion "1"]
[SourceVersionDate "2008.11.13"]
[SourceQuality "1"]

1. d4 e6 2. Nf3 Nf6 3. Bg5 h6 4. Bxf6 Qxf6 5. e4 b6 6. Bd3 Bb7 7. Nbd2 d6 8. Qe2 e5 9. c3 Be7 10. 0-0 0-0 11. Nc4 exd4 12. cxd4 Nc6 13. d5 Nb4 14. a3 Nxd3 15. Qxd3 c6 16. dxc6 Bxc6 17. Rfe1 Bb7 18. Nd4 Rad8 19. Nf5 Rfe8 20. Nfe3 Qg6 21. Nd5 Bh4 22. a4 Rc8 23. Nf4 Bxf2+ 24. Kxf2 Qf6 25. g3 Ba6 26. Rac1 g5 27. Qxd6 Re6 28. e5 Rxd6 29. Nxd6 Qd8 30. Rxc8 Bxc8 31. Rc1 Bd7 32. Nd5 Kf8 33. Nf6 Be6 34. b4 g4 35. Ke3 Qa8 36. Nde4 Kg7 37. Rc3 Kg6 38. Rc1 Bf5 39. Kd4 Bxe4 40. Nxe4 Qd8+ 41. Nd6 Qg5 42. Rc2 f6 43. exf6 Qxf6+ 44. Kd5 Qa1 45. Rc4 h5 46. b5 Qa2 47. Ke6 Qxh2 48. Rf4 Qxg3 49. Rf6+ Kh7 50. Rf7+ Kg8 51. Rg7+ Kh8 52. Rg5 Qh4 0-1

[Event "CFriend AP-2005-Q-00003 email"]
[Site "Chessfriend.com"]
[Date "2005.02.04"]
[Round "1"]
[White "Berthold, Andreas"]
[Black "Burger, Sabine"]
[Result "0-1"]
[WhiteElo "2115"]
[BlackElo "2135"]
[PlyCount "110"]
[EventDate "2005.??.??"]
[EventType "tourn (corr)"]
[EventRounds "12"]
[SourceTitle "Corr 2024"]
[Source "ChessBase"]
[SourceDate "2023.10.19"]
[SourceVersion "1"]
[SourceVersionDate "2023.10.19"]
[SourceQuality "1"]

1. Nf3 Nf6 2. d4 e6 3. c4 b6 4. g3 Bb7 5. Bg2 Be7 6. 0-0 0-0 7. Nc3 Na6 8. b3 d5 9. Ne5 Qc8 10. cxd5 exd5 11. Bb2 Qe6 12. Rc1 c5 13. e3 Ne4 14. Ne2 Bg5 15. Nd3 Qe7 16. Nef4 Rfe8 17. Qh5 Rac8 18. dxc5 bxc5 19. Rfd1 c4 20. Bxe4 Qxe4 21. Bd4 Qe7 22. Nb2 Nb4 23. Qg4 Nxa2 24. Ra1 cxb3 25. Rd3 f5 26. Qd1 Bxf4 27. gxf4 Nb4 28. Rxb3 Nc6 29. Bxa7 Qf7 30. Bc5 Re6 31. h3 Rg6+ 32. Kh2 d4 33. f3 Re8 34. Rb1 Na5 35. Rd3 Rh6 36. Bxd4 Qh5 37. Qf1 Bxf3 38. Bc3 Be2 39. Qg2 Rg6 40. Qd5+ Kh8 41. Rd2 Bf3 42. Qb5 Nc6 43. Be5 Bg4 44. Qf1 Rh6 45. Rg2 Nxe5 46. fxe5 Bxh3 47. Nd3 Bxg2+ 48. Kxg2 Qh2+ 49. Kf3 Rh3+ 50. Qxh3 Qxh3+ 51. Kf2 g5 52. Rb4 Rd8 53. Rd4 Rxd4 54. exd4 Qxd3 55. d5 Qd2+ 0-1

[Event "CFriend AP-2005-Q-00003 email"]
[Site "Chessfriend.com"]
[Date "2005.02.04"]
[Round "1"]
[White "Sanjur, Crescencio"]
[Black "Burger, Sabine"]
[Result "0-1"]
[WhiteElo "1861"]
[BlackElo "2135"]
[PlyCount "66"]
[EventDate "2005.??.??"]
[EventType "tourn (corr)"]
[EventRounds "12"]
[SourceTitle "Corr 2024"]
[Source "ChessBase"]
[SourceDate "2023.10.19"]
[SourceVersion "1"]
[SourceVersionDate "2023.10.19"]
[SourceQuality "1"]

1. c4 e6 2. d4 b6 3. e4 Bb7 4. Nc3 Bb4 5. Bd3 f5 6. Qc2 Nf6 7. Bg5 fxe4 8. Be2 0-0 9. 0-0-0 d5 10. cxd5 Bxc3 11. Qxc3 exd5 12. f3 Qd6 13. Bxf6 Rxf6 14. g3 Qe7 15. Qe3 Re6 16. h4 exf3 17. Qxf3 c5 18. Kb1 Nc6 19. dxc5 bxc5 20. Qg2 Nb4 21. Bf3 Rf8 22. Rh2 Re3 23. a3 Rfxf3 24. axb4 Rxg3 25. Qc2 cxb4 26. Rhd2 b3 27. Qf5 Qe8 28. Rd4 Re5 29. Qf4 Qg6+ 30. Ka1 Rd3 31. Rf1 Rf3 32. Nxf3 Qa6+ 33. Kb1 Qa2+ 0-1

[Event "CFriend AP-2005-Q-00003 email"]
[Site "Chessfriend.com"]
[Date "2005.02.04"]
[Round "1"]
[White "Willoughby, Peter"]
[Black "Burger, Sabine"]
[Result "0-1"]
[WhiteElo "1706"]
[BlackElo "2135"]
[PlyCount "82"]
[EventDate "2005.??.??"]
[EventType "tourn (corr)"]
[EventRounds "12"]
[SourceTitle "Corr 2024"]
[Source "ChessBase"]
[SourceDate "2023.10.19"]
[SourceVersion "1"]
[SourceVersionDate "2023.10.19"]
[SourceQuality "1"]

1. e4 c5 2. Nf3 Nc6 3. Bb5 g6 4. 0-0 Bg7 5. Re1 Nf6 6. e5 Nd5 7. d3 0-0 8. Bg5 h6 9. Bh4 Nc7 10. Bxc6 dxc6 11. Nbd2 g5 12. Bg3 Bf5 13. Nb3 b6 14. Qe2 a5 15. Nbd2 Ne6 16. Ne4 Qd7 17. c3 Rfd8 18. Rad1 Qd5 19. a3 Qb3 20. h4 g4 21. Nh2 h5 22. f3 gxf3 23. gxf3 Bh6 24. Kh1 Bg6 25. Rf1 Qd5 26. f4 Ng7 27. Rfe1 c4 28. d4 f5 29. exf6 exf6 30. Qf3 Kf7 31. Nf1 Rg8 32. Nfd2 Rae8 33. Kh2 Bf5 34. Rc1 Bg4 35. Qf2 Nf5 36. Rb1 Re6 37. b4 cxb3 38. Rxb3 Rxe4 39. Rxe4 Nxg3 40. Qxg3 Bf5 41. Qe3 Bxe4 0-1